000
00351 a2200169 4500
001
182850
020
_a
85-08-04337-6
040
_c
Magnum
100
_a
Rabelo, Laurinho
240
1
0
_a
Poesia brasileira
_l
por
245
1
0
_a
Poesia brasileira
300
_a
112
362
0
_a
1999
440
1
_a
Ática
697
_a
LITERATURA GERAL
942
_c
BK
999
_c
182850
_d
182850